白罗出击 (Record no. 16281)

000 -LEADER
fixed length control field 00594nam a22002057a 4500
003 - CONTROL NUMBER IDENTIFIER
control field MPLRDC
005 - DATE AND TIME OF LATEST TRANSACTION
control field 20220104124043.0
008 - FIXED-LENGTH DATA ELEMENTS--GENERAL INFORMATION
fixed length control field 210129b ||||| |||| 00| 0 eng d
020 ## - INTERNATIONAL STANDARD BOOK NUMBER
International Standard Book Number 957-32-4671-6
082 ## - DEWEY DECIMAL CLASSIFICATION NUMBER
Classification number 857.62 CHR-9 v.15
100 ## - MAIN ENTRY--PERSONAL NAME
Personal name AGATHA CHRISTIE
245 ## - TITLE STATEMENT
Title 白罗出击
Statement of responsibility, etc. 刁克利 译
250 ## - EDITION STATEMENT
Edition statement 初版
260 ## - PUBLICATION, DISTRIBUTION, ETC.
Place of publication, distribution, etc. 台湾
Name of publisher, distributor, etc. 远流出版事业股份有限公司
Date of publication, distribution, etc. 2002
300 ## - PHYSICAL DESCRIPTION
Other physical details 261
490 ## - SERIES STATEMENT
Series statement 克莉丝蒂推理全集. 15 白罗神探系列
520 ## - SUMMARY, ETC.
Summary, etc. 2019-04-22 弄湿--pg.60-封底下方。
650 ## - SUBJECT ADDED ENTRY--TOPICAL TERM
Topical term or geographic name entry element 推理小说
942 ## - ADDED ENTRY ELEMENTS (KOHA)
Koha item type Book
-- 857.62 CHR-9 v.15
Holdings
Withdrawn status Lost status Source of classification or shelving scheme Damaged status Not for loan Collection code Home library Current library Shelving location Date acquired Cost, normal purchase price Total Checkouts Full call number Barcode Date last seen Date last checked out Price effective from Koha item type Public note
            Malaysian Public Library, Research and Development Centre Malaysian Public Library, Research and Development Centre   10/12/2007 35.75 2 857.62 CHR-9 v.15 00016331 06/11/2025 29/08/2025 17/03/2021 Book mplrdc

© 2022. Malaysian Public Library, Research and Development Centre. All Right ReservedE-mailmplrdc@help.edu.my 

Powered by Koha